000 00518ntaaa2200193 4500
003 01
005 20251027201011.0
008 0714s1973 ag 01
040 _aAR-BaBN
_bspa
_cAR-BaBN
_eaacr
_dRIC
082 _a136.7 B44
100 _aBenson, Clarence H.
_97077
245 _aGuía para el estudio del niño /
_cClarence H. Benson
250 _a1 ed.
260 _as.l. :
_bEditorial Caribe,
_cn.f.
300 _a102 p.
500 _aIntroducción al estudio del niño
650 _aNiños-estudio de
942 _cBK
999 _c4041
_d4041